000 00483nmm a2200169Ia 4500
008 251105s9999||||xx |||||||||||||||||und||
020 _a9788417408084
041 _aspa
100 _aSteiner, Rudolf
245 0 _aConferencias sobre pedagogía Waldorf
264 _a[Madrid, España] :
_bBiblioteca Nueva,
_c2018
300 _a224 páginas
490 _aEnsayo Biblioteca Nueva
650 _aEducation
856 _uhttps://public.digitaliapublishing.com/a/59205
942 _cCF
999 _c78692
_d78692